000 00660nam a2200205Ia 4500
003 GCL
008 140319s9999 xx 000 0 ara d
020 _a7081369957
040 _aGCL /
_cGCL
082 0 4 _aط
_b813.02
_bن ل
100 1 _aنضال اليزم
245 1 0 _aلون اقرا تسل : نهاية الاشرار /
_cنضال اليزم
260 _aالاردن :
_bدار الاسراء للنشر والتوزيع ،
_c2006
300 _a16 سم ؛
_c32 سم
490 _aلون اقرا تسل
_v0
650 0 4 _aالقصص القصيرة
650 0 4 _aقصص الاطفال
650 0 4 _aالتلوين - تعليم
942 _2ddc
_cBK
999 _c10078
_d10078